<?xml version="1.0" encoding="UTF-8"?>
<collection xmlns="http://www.loc.gov/MARC21/slim">
  <record>
    <leader>00000nam  2200000   4500</leader>
    <controlfield tag="001">INLIS000000000011954</controlfield>
    <controlfield tag="005">20220316102921</controlfield>
    <datafield tag="035" ind1="#" ind2="#">
      <subfield code="a">0010-0322000183</subfield>
    </datafield>
    <controlfield tag="007">ta</controlfield>
    <controlfield tag="008">220316################g##########0#ind##</controlfield>
    <datafield tag="084" ind1="#" ind2="#">
      <subfield code="a">R 057 PIM II 2021</subfield>
    </datafield>
    <datafield tag="100" ind1=" " ind2="#">
      <subfield code="a">Avenzora, Ahmad</subfield>
    </datafield>
    <datafield tag="245" ind1="1" ind2="#">
      <subfield code="a">Optimalisasi hasil data survei sosial ekonomi nasional (susenas) dalam rangka pemenuhan indikator sustainable development goals (SDGs) pada level kabupaten/kota /</subfield>
      <subfield code="c">Ahmad Avenzora</subfield>
    </datafield>
    <datafield tag="260" ind1="#" ind2="#">
      <subfield code="a">Jakarta :</subfield>
      <subfield code="b">Pusbangkom PIMNAS dan Manajerial ASN,</subfield>
      <subfield code="c">2021</subfield>
    </datafield>
    <datafield tag="300" ind1="#" ind2="#">
      <subfield code="a">viii, 577 hal. :</subfield>
      <subfield code="b">ilus. ;</subfield>
      <subfield code="c">30 cm</subfield>
    </datafield>
    <datafield tag="600" ind1="#" ind2="4">
      <subfield code="a">Pembangunan berkelanjutan</subfield>
    </datafield>
    <datafield tag="856" ind1="#" ind2="#">
      <subfield code="a">Perpustakaan LAN</subfield>
    </datafield>
    <datafield tag="990" ind1="#" ind2="#">
      <subfield code="a">2111057</subfield>
    </datafield>
  </record>
</collection>
